Medzinárodná ekonomická interdependencia prípadové štúdie
Guardado en:
| Autor principal: | |
|---|---|
| Autor Corporativo: | |
| Otros Autores: | , |
| Formato: | Libro |
| Lenguaje: | eslovaco |
| Publicado: |
Bratislava
Vydavateľstvo EKONÓM
2000
|
| Materias: | |
| Etiquetas: |
Sin Etiquetas, Sea el primero en etiquetar este registro!
|
MARC
| LEADER | 00000nam a2200000 4500 | ||
|---|---|---|---|
| 001 | c122765 | ||
| 005 | 20240502071318.8 | ||
| 020 | |a 80-225-1292-3 | ||
| 041 | 0 | |a slo | |
| 044 | |a SK | ||
| 245 | 1 | 0 | |a Medzinárodná ekonomická interdependencia |b prípadové štúdie |c D. Šíbl, B. Šaková, Z. Mogyorosiová |
| 264 | 1 | |a Bratislava |b Vydavateľstvo EKONÓM |c 2000 | |
| 300 | |a 138 s. | ||
| 610 | 2 | 0 | |a globalizácia |
| 610 | 2 | 0 | |a služby |
| 610 | 2 | 0 | |a trh |
| 610 | 2 | 0 | |a trh zahraničný |
| 610 | 2 | 0 | |a migrácia |
| 610 | 2 | 0 | |a korporácie |
| 610 | 2 | 0 | |a podnik spoločný |
| 610 | 2 | 0 | |a politika hospodárska medzinárodná |
| 610 | 2 | 0 | |a politika poľnohospodárska |
| 610 | 2 | 0 | |a Európska únia |
| 610 | 2 | 0 | |a obchod voľný |
| 610 | 2 | 0 | |a sily pracovné |
| 610 | 2 | 0 | |a vzťahy peňažné medzinárodné |
| 610 | 2 | 0 | |a trh finančný |
| 610 | 2 | 0 | |a štúdie prípadové |
| 100 | 1 | |a Šíbl, Drahoš | |
| 700 | 1 | |a Šaková, Beáta | |
| 700 | 1 | |a Mogyorosiová, Zuzana, 1975- | |
| 710 | 2 | |a Ekonomická univerzita v Bratislave. Obchodná fakulta | |